• 首页
  • 本馆介绍
  • 公告通知
  • 最新文献
  • 馆藏检索
  • 电子资源
  • 读者导购
  • 参考咨询
  • 我的图书馆
  • 登录
  • 详细信息显示
  • 放入我的书架
  • 预约/预借图书
  • 作者相关作品
  • 分类相关作品
  • 丛书相关作品
  • 出版社相关作品

书目信息

  • 表格格式
  • 工作单格式
  • 卡片格式
题名:
矿用三维激光数字测量原理及其工程应用
    
 
作者: 赵兴东 , 徐帅 编著
分册:  
出版信息: 北京   冶金工业出版社  2016
页数: 193页
开本: 24cm
丛书名:
单 册:
中图分类: TD17
科图分类:
主题词: 矿山测量--kuang shan ce liang--数字式测量仪器--研究
电子资源:
ISBN: 978-7-5024-7181-1
000 01179nam0 2200277 450
001 2336717552
005 20231212101211.04
010    @a978-7-5024-7181-1@dCNY45.00
100    @a20160229d2016 em y0chiy50 ea
101 0  @achi
102    @aCN@b110000
105    @aak a 000yy
200 1  @a矿用三维激光数字测量原理及其工程应用@Akuang yong san wei ji guang shu zi ce liang yuan li ji qi gong cheng ying yong@f赵兴东, 徐帅编著
210    @a北京@c冶金工业出版社@d2016
215    @a193页@c图@d24cm
300    @a本书内容源自国家自然科学基金资助项目 (51174044): “基于三维激光扫描的地下金属矿采场顶板块体识别技术研究”
312    @a英文并列题名取自封面
320    @a有书目 (第185-193页)
330    @a本书系统介绍三维激光数字测量仪的工作原理、数据处理分析方法以及点数据的三维可视化重构方法, 最后介绍点云三维曲面技术在矿山工程的实际应用。
510 1  @aPrinciple and application of 3D laser digital surveying technology in mine engineering@zeng
606 0  @a矿山测量@Akuang shan ce liang@x数字式测量仪器@x研究
690    @aTD17@v5
701  0 @a赵兴东@Azhao xing dong@4编著
701  0 @a徐帅@Axu shuai@4编著
801  0 @aCN@b湖北三新@c20160229
905    @aZUCC@dTD17@e1
    
    矿用三维激光数字测量原理及其工程应用/赵兴东, 徐帅编著.-北京:冶金工业出版社,2016
    193页:图;24cm
    本书内容源自国家自然科学基金资助项目 (51174044): “基于三维激光扫描的地下金属矿采场顶板块体识别技术研究”
    
    ISBN 978-7-5024-7181-1:CNY45.00
    本书系统介绍三维激光数字测量仪的工作原理、数据处理分析方法以及点数据的三维可视化重构方法, 最后介绍点云三维曲面技术在矿山工程的实际应用。
●
相关链接 在五车中查询图书 在当当中查询图书 在豆瓣中查询图书


正题名:矿用三维激光数字测量原理及其工程应用     索取号:TD17/1         预约/预借

序号 登录号 条形码 馆藏地/架位号 状态 备注
1 2001458303   2001458303   602书库/ [索取号:TD17/1] 在馆    
2 2001458304   2001458304   602书库/ [索取号:TD17/1] 在馆    
3 2001458305   2001458305   602书库/ [索取号:TD17/1] 在馆    
4 2001458306   2001458306   602书库/ [索取号:TD17/1] 在馆    
5 2001458307   2001458307   602书库/ [索取号:TD17/1] 在馆    
6 2001458308   2001458308   602书库/ [索取号:TD17/1] 在馆    
7 2001458309   2001458309   602书库/ [索取号:TD17/1] 在馆    
8 2001458310   2001458310   602书库/ [索取号:TD17/1] 在馆    
9 2001458311   2001458311   602书库/ [索取号:TD17/1] 在馆    
10 2001458312   2001458312   602书库/ [索取号:TD17/1] 在馆    
11 2001458313   2001458313   602书库/ [索取号:TD17/1] 在馆    
12 2001458314   2001458314   602书库/ [索取号:TD17/1] 在馆    
13 2001458315   2001458315   602书库/ [索取号:TD17/1] 在馆    
14 2001458316   2001458316   602书库/ [索取号:TD17/1] 在馆    
15 2001458317   2001458317   602书库/ [索取号:TD17/1] 在馆    
16 2001458318   2001458318   602书库/ [索取号:TD17/1] 在馆    
17 2001458319   2001458319   602书库/ [索取号:TD17/1] 在馆    
18 2001458320   2001458320   602书库/ [索取号:TD17/1] 在馆    
19 2001458321   2001458321   602书库/ [索取号:TD17/1] 在馆    
20 2001458322   2001458322   602书库/ [索取号:TD17/1] 在馆    
21 2001458323   2001458323   602书库/ [索取号:TD17/1] 在馆    
22 2001458324   2001458324   602书库/ [索取号:TD17/1] 在馆    
23 2001458325   2001458325   共建书房-化工学院/ [索取号:TD17/1] 在馆    
24 2001458326   2001458326   共建书房-化工学院/ [索取号:TD17/1] 在馆    
25 2001458327   2001458327   共建书房-化工学院/ [索取号:TD17/1] 在馆    
26 2001458328   2001458328   共建书房-化工学院/ [索取号:TD17/1] 在馆    
27 2001458329   2001458329   共建书房-化工学院/ [索取号:TD17/1] 在馆    
28 2001458330   2001458330   共建书房-化工学院/ [索取号:TD17/1] 在馆    
29 2001458331   2001458331   602书库/ [索取号:TD17/1] 在馆    
30 2001458332   2001458332   602书库/ [索取号:TD17/1] 在馆    
山东省滨州职业学院图书馆 欢迎您!
大连网信软件有限公司© 版权所有